[Event "Tradewise Gibraltar Chess Festival 2014 "]
[Site "The Caleta Hotel - Gibraltar"]
[Date "2014.02.02"]
[Round "6.111"]
[White "Rygg, Snorre"]
[Black "Jorgensen, Line Jin"]
[Result "1/2-1/2"]
[WhiteElo "1840"]
[BlackElo "1925"]
[PlyCount "84"]
[EventDate "2014.01.28"]

1. d4 d5 2. c4 e6 3. Nc3 Nf6 4. Nf3 Be7 5. e3 O-O 6. b3 b6 7. Bb2 Bb7 8. Rc1 a6
9. Bd3 Nbd7 10. Qc2 c5 11. cxd5 exd5 12. O-O h6 13. Rfd1 b5 14. dxc5 Nxc5 15.
Bf5 Qa5 16. Qb1 b4 17. Ne2 Nce4 18. Nfd4 Qb6 19. Rc2 g6 20. Bxe4 dxe4 21. Rdc1
Rac8 22. Rxc8 Rxc8 23. Rxc8+ Bxc8 24. Qc2 Bb7 25. Ng3 h5 26. h3 h4 27. Nge2 Nd7
28. Bc1 Qc5 29. Bd2 Ne5 30. Qxc5 Bxc5 31. Nc2 a5 32. a3 Nd3 33. axb4 axb4 34.
Ncd4 Bd5 35. Nc1 Nxc1 36. Bxc1 f5 37. Bd2 Kf7 38. Nc2 Bxb3 39. Bxb4 Bxb4 40.
Nxb4 Kf6 41. Nc6 Ba4 42. Nd4 g5 1/2-1/2

[Event "Tradewise Gibraltar Chess Festival 2014 "]
[Site "The Caleta Hotel - Gibraltar"]
[Date "2014.02.02"]
[Round "6.113"]
[White "Neumanova, Monika"]
[Black "Machlik, Jon"]
[Result "0-1"]
[WhiteElo "1719"]
[BlackElo "1891"]
[PlyCount "56"]
[EventDate "2014.01.28"]

1. d4 f5 2. Nc3 Nf6 3. f3 d5 4. Bg5 c5 5. Bxf6 gxf6 6. e3 e5 7. dxe5 d4 8. exd4
cxd4 9. Nb5 fxe5 10. Qe2 Bg7 11. f4 a6 12. Na3 Qa5+ 13. Kd1 O-O 14. fxe5 Nc6
15. Nf3 Be6 16. Ng5 Bd5 17. Qh5 h6 18. Nf3 Rae8 19. Nc4 Qc5 20. Nd6 Bxf3+ 21.
gxf3 Rxe5 22. Bc4+ Kh7 23. Nf7 Qxc4 24. Nxe5 Nxe5 25. h3 d3 26. cxd3 Qxd3+ 27.
Ke1 Nxf3+ 28. Kf2 Bd4+ 0-1

[Event "Tradewise Gibraltar Chess Festival 2014 "]
[Site "The Caleta Hotel - Gibraltar"]
[Date "2014.02.02"]
[Round "6.115"]
[White "Densing, Gerd"]
[Black "Edakina, Anastasia"]
[Result "1-0"]
[WhiteElo "1875"]
[BlackElo "1756"]
[PlyCount "83"]
[EventDate "2014.01.28"]

1. d4 d5 2. Nf3 Nf6 3. e3 c6 4. c4 a6 5. Nc3 Bf5 6. Ne5 e6 7. g4 Be4 8. f3 Bg6
9. h4 h6 10. Nxg6 fxg6 11. Bd3 Kf7 12. Qc2 Qd6 13. Bxg6+ Ke7 14. c5 Qg3+ 15.
Qf2 Qxf2+ 16. Kxf2 Nbd7 17. Bd2 h5 18. g5 Nh7 19. f4 Kd8 20. Bxh5 Be7 21. Bg4
Nhf8 22. Kg3 b6 23. b4 b5 24. a4 Rb8 25. axb5 axb5 26. Ra6 Kc7 27. Rha1 g6 28.
Ra7+ Rb7 29. Ra8 Rb8 30. R1a7+ Rb7 31. Rxb7+ Kxb7 32. Re8 Rh7 33. e4 dxe4 34.
Nxe4 Kc7 35. Ra8 Nb8 36. Nc3 Kb7 37. Ra1 Na6 38. Ne2 Nc7 39. Bf3 Ne8 40. Nc3
Ng7 41. Nxb5 Kb8 42. Bxc6 1-0

[Event "Tradewise Gibraltar Chess Festival 2014 "]
[Site "The Caleta Hotel - Gibraltar"]
[Date "2014.02.02"]
[Round "6.116"]
[White "Lobersli, Henrik Oie"]
[Black "Olsen, Miriam F"]
[Result "1-0"]
[WhiteElo "1862"]
[BlackElo "1997"]
[PlyCount "133"]
[EventDate "2014.01.28"]

1. d4 Nf6 2. c4 e6 3. Nc3 Bb4 4. e3 O-O 5. Nge2 Re8 6. a3 Bf8 7. Ng3 d5 8. cxd5
exd5 9. Bd3 a5 10. O-O c6 11. b3 Nbd7 12. Bb2 Nb6 13. Qc2 g6 14. Rad1 h5 15.
Rfe1 h4 16. Nf1 Bd6 17. f3 Bf8 18. Qf2 Nh5 19. Bb1 Be6 20. Na4 Nxa4 21. bxa4
Qb6 22. Ba1 Bxa3 23. Qxh4 Qc7 24. g4 Be7 25. Qf2 Ng7 26. Ng3 Bh4 27. Kg2 b5 28.
Rc1 Qd6 29. Rc5 b4 30. Rec1 Bd7 31. Qd2 Ne6 32. R5c2 Ng5 33. Re1 Nh7 34. Qd3
Bc8 35. Rc5 Nf8 36. Qd2 Nd7 37. Rcc1 Nb6 38. Ba2 Ba6 39. e4 Nc4 40. Qh6 Be7 41.
e5 Qe6 42. Ne2 Bf8 43. Qh3 Qe7 44. Bb1 b3 45. Bc3 b2 46. Bxb2 Nxb2 47. Rxc6 Nd3
48. Bxd3 Bxd3 49. Nf4 Qg5 50. Qg3 Bb4 51. Rd1 Bc4 52. h4 Qd8 53. Nxg6 Ra6 54.
Rxa6 Bxa6 55. Nf4 Bc8 56. Nh5 Be7 57. Qf4 Qb6 58. Nf6+ Bxf6 59. exf6 Re6 60.
Qg5+ Kf8 61. Qg7+ Ke8 62. Qg8+ Kd7 63. Qxf7+ Kd8 64. Qg8+ Kd7 65. f7 Qb2+ 66.
Kh3 Re2 67. Rh1 1-0

[Event "Tradewise Gibraltar Chess Festival 2014 "]
[Site "The Caleta Hotel - Gibraltar"]
[Date "2014.02.02"]
[Round "6.117"]
[White "Christophe-Hayot, Romain"]
[Black "Jacobsen, Fredrik Beer"]
[Result "0-1"]
[WhiteElo "1842"]
[BlackElo "1991"]
[PlyCount "52"]
[EventDate "2014.01.28"]

1. Nf3 d5 2. b3 c5 3. Ba3 e6 4. e3 Nc6 5. Bb5 Bd7 6. O-O a6 7. Bxc6 Bxc6 8. d4
b6 9. Ne5 Qc7 10. f4 Nf6 11. Nd2 Bd6 12. g4 Nd7 13. g5 h6 14. g6 fxg6 15. Nxg6
Rg8 16. Qg4 O-O-O 17. Qxe6 Rge8 18. Qh3 cxd4 19. Bxd6 Qxd6 20. Ne5 dxe3 21.
Qxe3 Nxe5 22. fxe5 Rxe5 23. Qxb6 Qg6+ 24. Kf2 Rf8+ 25. Nf3 Rxf3+ 26. Kxf3 d4+
0-1

[Event "Tradewise Gibraltar Chess Festival 2014 "]
[Site "The Caleta Hotel - Gibraltar"]
[Date "2014.02.02"]
[Round "6.118"]
[White "Roser, Ludwig"]
[Black "Nielsen, Peter"]
[Result "1-0"]
[WhiteElo "1882"]
[BlackElo "1759"]
[PlyCount "79"]
[EventDate "2014.01.28"]

1. d4 f5 2. Bg5 g6 3. c4 Bg7 4. e3 Nf6 5. Bxf6 Bxf6 6. Nc3 O-O 7. g3 c6 8. Bg2
e6 9. Nf3 d5 10. Qb3 Nd7 11. O-O Nb6 12. Nd2 dxc4 13. Nxc4 Nd5 14. Nxd5 exd5
15. Nd2 Kg7 16. f4 Qd6 17. Nf3 a5 18. a3 a4 19. Qc3 c5 20. Ne5 cxd4 21. exd4
Be6 22. Qd2 Bxe5 23. fxe5 Qe7 24. Rac1 Rac8 25. Rxc8 Rxc8 26. Rc1 Rxc1+ 27.
Qxc1 h5 28. h4 b5 29. Qc5 Kf7 30. Qxe7+ Kxe7 31. Kf2 Kd7 32. Ke3 Ke8 33. Bf1
Bd7 34. e6 Bc6 35. Kf4 Ke7 36. Ke5 Be8 37. Bg2 b4 38. Bxd5 bxa3 39. bxa3 Bb5
40. Bf3 1-0

[Event "Tradewise Gibraltar Chess Festival 2014 "]
[Site "The Caleta Hotel - Gibraltar"]
[Date "2014.02.02"]
[Round "6.119"]
[White "Bauer, Dieter"]
[Black "Hermes, Geoff R"]
[Result "1/2-1/2"]
[WhiteElo "1727"]
[BlackElo "1998"]
[PlyCount "72"]
[EventDate "2014.01.28"]

1. c4 d6 2. g3 e5 3. Bg2 f5 4. d3 Nf6 5. Nc3 c6 6. Nf3 Be7 7. Rb1 O-O 8. b4 e4
9. dxe4 fxe4 10. Nd4 d5 11. O-O Kh8 12. b5 c5 13. Nc2 d4 14. Nxe4 Nxe4 15. Bxe4
Nd7 16. Ne1 Nf6 17. Bg2 Rb8 18. Nd3 Be6 19. Qc2 Bf5 20. Bf4 Bd6 21. Bxd6 Qxd6
22. Rb2 b6 23. Qa4 Rf7 24. Qb3 Rbf8 25. a4 Ng4 26. h3 Ne5 27. Ra2 Nxd3 28. exd3
Qg6 29. Rd1 h5 30. Re2 Rf6 31. Qc2 Qf7 32. Rde1 Qg6 33. Rd1 Qf7 34. Rde1 Qg6
35. Rd1 Qf7 36. Rde1 Qg6 1/2-1/2

[Event "Tradewise Gibraltar Chess Festival 2014 "]
[Site "The Caleta Hotel - Gibraltar"]
[Date "2014.02.03"]
[Round "7.17"]
[White "Agdestein, Simen"]
[Black "Rahman, Ziaur"]
[Result "1/2-1/2"]
[WhiteElo "2627"]
[BlackElo "2499"]
[PlyCount "106"]
[EventDate "2014.01.28"]

1. d4 d5 2. c4 e6 3. Nc3 Bb4 4. e3 c5 5. a3 Bxc3+ 6. bxc3 Ne7 7. Bd3 dxc4 8.
Bxc4 Qc7 9. Ba2 b6 10. Ne2 Bb7 11. O-O O-O 12. Bb2 Nd7 13. Qd3 Nf6 14. f3 Rad8
15. e4 Ng6 16. Qe3 Ba6 17. Rfd1 Qc6 18. Bb3 Rd7 19. a4 Rfd8 20. Ng3 Qc7 21. a5
b5 22. Nh1 Nf4 23. g3 Ng6 24. Nf2 Ne8 25. Nd3 c4 26. Nc5 cxb3 27. Nxa6 Qc8 28.
Nc5 Qxc5 29. dxc5 Rxd1+ 30. Rxd1 Rxd1+ 31. Kg2 Ne5 32. c6 h5 33. Ba3 Nc4 34.
Qc5 Rd2+ 35. Kh3 Nxa3 36. Qxa3 b2 37. Qb4 a6 38. g4 hxg4+ 39. fxg4 e5 40. Kg3
Rc2 41. g5 Kh7 42. h4 g6 43. Kg4 Kg7 44. h5 gxh5+ 45. Kxh5 Rg2 46. c4 Nc7 47.
cxb5 Nxb5 48. g6 Rh2+ 49. Kg5 f6+ 50. Kg4 Nc7 51. Qb3 Kxg6 52. Qg8+ Kh6 53.
Qh8+ Kg6 1/2-1/2

[Event "Tradewise Gibraltar Chess Festival 2014 "]
[Site "The Caleta Hotel - Gibraltar"]
[Date "2014.02.03"]
[Round "7.18"]
[White "Al-Sayed, Mohammed"]
[Black "Van Kampen, Robin"]
[Result "1-0"]
[WhiteElo "2476"]
[BlackElo "2602"]
[PlyCount "59"]
[EventDate "2014.01.28"]

1. d4 Nf6 2. c4 g6 3. Nc3 d5 4. Nf3 Bg7 5. h4 dxc4 6. e4 c5 7. d5 b5 8. h5 Nxh5
9. Nxb5 O-O 10. Bxc4 Bg4 11. Be2 Nd7 12. Kf1 a6 13. Nc3 Qc7 14. Rh4 Ne5 15. Be3
Bf6 16. Rh1 Rab8 17. Ng5 Nc4 18. Bc1 Nxb2 19. Qc2 Bxe2+ 20. Nxe2 Nc4 21. g4
Bxg5 22. Bxg5 Qe5 23. Qxc4 Qxa1+ 24. Kg2 Qg7 25. gxh5 gxh5 26. Kh2 Rb4 27. Qd3
Qe5+ 28. Bf4 Qxe4 29. Rg1+ Kh8 30. Qg3 1-0

[Event "Tradewise Gibraltar Chess Festival 2014 "]
[Site "The Caleta Hotel - Gibraltar"]
[Date "2014.02.03"]
[Round "7.19"]
[White "Salgado Lopez, Ivan"]
[Black "Henrichs, Thomas"]
[Result "1-0"]
[WhiteElo "2597"]
[BlackElo "2477"]
[PlyCount "75"]
[EventDate "2014.01.28"]

1. e4 c5 2. c3 Nf6 3. e5 Nd5 4. Nf3 g6 5. d4 cxd4 6. Qxd4 Nc7 7. Qh4 d6 8. exd6
Qxd6 9. Bc4 Be6 10. O-O Bxc4 11. Qxc4 Nc6 12. Na3 Bg7 13. Bf4 e5 14. Rad1 Qe7
15. Bg5 f6 16. Be3 Qe6 17. Qc5 Rd8 18. Nb5 Nxb5 19. Qxb5 Rd7 20. Rxd7 Qxd7 21.
h4 O-O 22. Bxa7 Ra8 23. Bc5 Rxa2 24. Ba3 Bf8 25. Qb3+ Qf7 26. c4 Rxa3 27. bxa3
Na5 28. Qa4 Nxc4 29. Rc1 Nd6 30. Qa5 Qe6 31. Qb6 Qd5 32. a4 e4 33. Nd4 Kf7 34.
Rc5 Qa2 35. Rc7+ Kg8 36. Qb3+ Qxb3 37. Nxb3 f5 38. a5 1-0

[Event "Tradewise Gibraltar Chess Festival 2014 "]
[Site "The Caleta Hotel - Gibraltar"]
[Date "2014.02.03"]
[Round "7.20"]
[White "Mareco, Sandro"]
[Black "Ashwin, Jayaram"]
[Result "1-0"]
[WhiteElo "2582"]
[BlackElo "2473"]
[PlyCount "123"]
[EventDate "2014.01.28"]

1. Nf3 Nf6 2. c4 e6 3. d4 b6 4. g3 Bb4+ 5. Bd2 Bxd2+ 6. Qxd2 Ba6 7. Qc2 c5 8.
Bg2 Nc6 9. dxc5 bxc5 10. O-O O-O 11. Rd1 Rc8 12. b3 Qe7 13. Nc3 d5 14. e3 Nb4
15. Qe2 Rb8 16. Ne5 Qc7 17. f4 Rfd8 18. Rac1 Qa5 19. Qf2 dxc4 20. bxc4 Qa3 21.
Qe1 h6 22. Rd2 Rxd2 23. Qxd2 Bb7 24. Bxb7 Rxb7 25. Rb1 Qa6 26. Qd8+ Kh7 27. Qc8
Rb6 28. Qxc5 Nxa2 29. Rxb6 axb6 30. Qb5 Qxb5 31. Nxb5 Kg8 32. Nd6 Nc3 33. Kf2
Nd1+ 34. Kf3 Nb2 35. Ke2 Kf8 36. Kd2 Ne8 37. Nc8 Na4 38. Nd7+ Kg8 39. Ncxb6
Nxb6 40. Nxb6 Kf8 41. c5 Ke7 42. Kd3 Kd8 43. Nc4 Kc7 44. Ne5 f6 45. Nf3 Kc6 46.
Kc4 Nc7 47. e4 Kb7 48. Nd4 g6 49. e5 fxe5 50. fxe5 Ka6 51. Nc6 Kb7 52. Ne7 g5
53. g4 Ka6 54. Ng8 Nd5 55. Nxh6 Ne3+ 56. Kd4 Nf1 57. h3 Kb5 58. Nf7 Nd2 59.
Nxg5 Nb3+ 60. Kc3 Nxc5 61. h4 Nd7 62. Kd4 1-0

[Event "Tradewise Gibraltar Chess Festival 2014 "]
[Site "The Caleta Hotel - Gibraltar"]
[Date "2014.02.03"]
[Round "7.21"]
[White "Dvirnyy, Danyyil"]
[Black "Guo, Qi"]
[Result "1/2-1/2"]
[WhiteElo "2574"]
[BlackElo "2450"]
[PlyCount "67"]
[EventDate "2014.01.28"]

1. c4 e6 2. g3 d5 3. Bg2 Nf6 4. Nf3 dxc4 5. Qa4+ c6 6. Qxc4 b5 7. Qb3 Bb7 8.
O-O Nbd7 9. d4 a6 10. Ne5 Qb6 11. Nxd7 Nxd7 12. Be3 c5 13. d5 exd5 14. Bxd5
Bxd5 15. Qxd5 Rd8 16. a4 Be7 17. axb5 axb5 18. Nc3 O-O 19. Qe4 Bd6 20. Rfd1 Nf6
21. Qf5 Rfe8 22. b4 Be5 23. bxc5 Qe6 24. Qxe6 fxe6 25. Nxb5 Bxa1 26. Rxa1 Nd5
27. Bg5 Ra8 28. Rc1 Ra5 29. Nd4 h6 30. Bd2 Ra2 31. Nf3 Ne7 32. Kf1 Rea8 33. Bc3
Rc8 34. Bd4 1/2-1/2

[Event "Tradewise Gibraltar Chess Festival 2014 "]
[Site "The Caleta Hotel - Gibraltar"]
[Date "2014.02.03"]
[Round "7.22"]
[White "Zhao, Xue"]
[Black "Zhukova, Natalia"]
[Result "1-0"]
[WhiteElo "2567"]
[BlackElo "2449"]
[PlyCount "93"]
[EventDate "2014.01.28"]

1. c4 f5 2. d4 Nf6 3. g3 g6 4. Bg2 Bg7 5. Nf3 O-O 6. b4 c6 7. O-O d5 8. Nbd2
Ne4 9. Bb2 Be6 10. c5 a5 11. a3 Na6 12. Qb3 a4 13. Qc2 Nc7 14. Ne5 g5 15. Nxe4
dxe4 16. Nc4 Ra6 17. g4 fxg4 18. Bxe4 h6 19. e3 Nd5 20. Bh7+ Kh8 21. Ne5 Rf6
22. Bg6 Ra8 23. Bh5 Rf8 24. Ng6+ Kg8 25. Nxf8 Qxf8 26. Bg6 Qf3 27. Qe4 Nc7 28.
Qxf3 gxf3 29. Rfe1 Rf8 30. Bc2 Ra8 31. Rad1 Bc4 32. Rc1 Bf7 33. h3 Bd5 34. Kh2
Ne6 35. Bc3 Nc7 36. Kg3 Rf8 37. Bb2 h5 38. Bxa4 h4+ 39. Kh2 Kh7 40. Bd1 Kh6 41.
a4 Be4 42. Bc2 Bxc2 43. Rxc2 Nd5 44. b5 Nb4 45. Rd2 Ra8 46. b6 Rd8 47. e4 1-0

[Event "Tradewise Gibraltar Chess Festival 2014 "]
[Site "The Caleta Hotel - Gibraltar"]
[Date "2014.02.03"]
[Round "7.23"]
[White "Mekhitarian, Krikor Sevag"]
[Black "Munguntuul, Batkhuyag"]
[Result "1-0"]
[WhiteElo "2566"]
[BlackElo "2438"]
[PlyCount "81"]
[EventDate "2014.01.28"]

1. e4 c5 2. Nf3 e6 3. d4 cxd4 4. Nxd4 Nc6 5. Nc3 Qc7 6. Be3 a6 7. Be2 Nf6 8.
O-O b5 9. Nxc6 dxc6 10. f4 Bb7 11. e5 Rd8 12. Qe1 Nd5 13. Nxd5 cxd5 14. c3 Bc5
15. Bd4 O-O 16. Bd3 g6 17. Qe3 Bxd4 18. cxd4 Qe7 19. Rae1 Rc8 20. Rf3 Rc6 21.
g4 f5 22. exf6 Qxf6 23. g5 Qd8 24. h4 Rf7 25. h5 gxh5 26. f5 exf5 27. Rxf5 Bc8
28. Rxf7 Kxf7 29. Qf3+ Kg7 30. Qxh5 h6 31. Re5 Bd7 32. gxh6+ Kh8 33. Qf7 Rc1+
34. Kg2 Qg8+ 35. Qxg8+ Kxg8 36. Re7 Bh3+ 37. Kxh3 Rh1+ 38. Kg3 Rxh6 39. Kf4
Rh4+ 40. Ke5 Rh2 41. Kf6 1-0

[Event "Tradewise Gibraltar Chess Festival 2014 "]
[Site "The Caleta Hotel - Gibraltar"]
[Date "2014.02.03"]
[Round "7.24"]
[White "Flear, Glenn C"]
[Black "Salem, A.R. Saleh"]
[Result "0-1"]
[WhiteElo "2471"]
[BlackElo "2564"]
[PlyCount "84"]
[EventDate "2014.01.28"]

1. d4 Nf6 2. c4 g6 3. Nc3 d5 4. Nf3 Bg7 5. Qb3 dxc4 6. Qxc4 O-O 7. Bf4 Bf5 8.
Qb3 c5 9. e3 Nc6 10. dxc5 Ne4 11. Nxe4 Bxe4 12. Rd1 Qa5+ 13. Nd2 Rfd8 14. f3
Bd5 15. Bc4 Qxc5 16. Bxd5 Qxd5 17. Qxd5 Rxd5 18. Ke2 Rad8 19. b3 g5 20. Bg3 Nb4
21. a4 R5d7 22. Nb1 Nd3 23. Rd2 Bc3 24. Rc2 Bb4 25. h4 h6 26. hxg5 hxg5 27. Bc7
Rc8 28. Rd1 Rdxc7 29. Rxc7 Rxc7 30. Kxd3 Kg7 31. g4 e6 32. Rh1 a6 33. Rd1 f5
34. Rh1 Kg6 35. Kd4 Bf8 36. Kd3 Bb4 37. Kd4 Rd7+ 38. Ke5 Rd3 39. e4 f4 40. Kxe6
Rxf3 41. Rh2 Rd3 42. e5 f3 0-1

[Event "Tradewise Gibraltar Chess Festival 2014 "]
[Site "The Caleta Hotel - Gibraltar"]
[Date "2014.02.03"]
[Round "7.25"]
[White "Anton Guijarro, David"]
[Black "Trent, Lawrence"]
[Result "1-0"]
[WhiteElo "2557"]
[BlackElo "2424"]
[PlyCount "105"]
[EventDate "2014.01.28"]

1. d4 Nf6 2. c4 e6 3. Nc3 d5 4. Bg5 Nbd7 5. e3 c6 6. cxd5 exd5 7. Bd3 Be7 8. h3
Ne4 9. Bxe7 Qxe7 10. Bxe4 dxe4 11. Qc2 f5 12. g4 Nf6 13. gxf5 Bxf5 14. O-O-O
O-O 15. Kb1 Bg6 16. Nge2 Nd5 17. Nxd5 cxd5 18. Nf4 Rxf4 19. exf4 Rf8 20. Ka1
Rxf4 21. Rc1 h6 22. Rhg1 Kh7 23. Rg2 Rf7 24. a3 Qe6 25. Rcg1 Bf5 26. h4 h5 27.
Rg5 g6 28. Qd2 Qd6 29. Qa5 a6 30. R1g3 Rc7 31. Qd2 Rf7 32. Qe3 Qc7 33. Rg1 Qd6
34. Qb3 Rc7 35. Rxf5 gxf5 36. Rg5 Qf4 37. Rxh5+ Kg6 38. Rg5+ Kh6 39. Qxd5 Qc1+
40. Ka2 Qc4+ 41. Qxc4 Rxc4 42. Rxf5 Rxd4 43. Rf4 Kg6 44. f3 Rd3 45. fxe4 Re3
46. Rg4+ Kf6 47. a4 Ke6 48. h5 Rh3 49. Rg7 Kd6 50. Rxb7 Kc6 51. Rh7 a5 52. h6
Rh4 53. Rh8 1-0

[Event "Tradewise Gibraltar Chess Festival 2014 "]
[Site "The Caleta Hotel - Gibraltar"]
[Date "2014.02.03"]
[Round "7.26"]
[White "Paehtz, Elisabeth"]
[Black "Gopal, G.N."]
[Result "1/2-1/2"]
[WhiteElo "2458"]
[BlackElo "2550"]
[PlyCount "77"]
[EventDate "2014.01.28"]

1. e4 c5 2. Nf3 e6 3. d4 cxd4 4. Nxd4 Nc6 5. Nc3 Qc7 6. Nb3 a6 7. Bd3 Nf6 8.
O-O b5 9. Qe2 Be7 10. f4 d6 11. Bd2 Bb7 12. Kh1 O-O 13. a3 Rac8 14. Rae1 b4 15.
axb4 Nxb4 16. Nb5 axb5 17. Bxb4 e5 18. c3 Ra8 19. Nd2 exf4 20. Rxf4 Ra2 21. Rb1
Bc6 22. Bxb5 Bxb5 23. Qxb5 d5 24. Bxe7 Rb8 25. Qf1 Qxe7 26. exd5 Nxd5 27. Rd4
Nf6 28. Re1 Qc7 29. Qc4 Qa7 30. Ne4 Nxe4 31. Rdxe4 Ra1 32. Qf1 Rxe1 33. Qxe1
Qd7 34. Rd4 Re8 35. Qd2 Qe7 36. Kg1 h6 37. Qf2 Ra8 38. Rd1 Ra2 39. h3 1/2-1/2

[Event "Tradewise Gibraltar Chess Festival 2014 "]
[Site "The Caleta Hotel - Gibraltar"]
[Date "2014.02.03"]
[Round "7.27"]
[White "Maze, Sebastien"]
[Black "Nakar, Eylon"]
[Result "1-0"]
[WhiteElo "2536"]
[BlackElo "2398"]
[PlyCount "97"]
[EventDate "2014.01.28"]

1. c4 e5 2. Nc3 Nf6 3. Nf3 Nc6 4. g3 Nd4 5. Bg2 Nxf3+ 6. Bxf3 Bc5 7. e3 Qe7 8.
O-O e4 9. Bg2 O-O 10. a3 d6 11. b4 Bb6 12. f3 exf3 13. Qxf3 c6 14. Bb2 Ng4 15.
Qe4 Be6 16. Nd5 Qg5 17. h4 Qd8 18. Nxb6 axb6 19. Rf4 Ne5 20. Qc2 f6 21. Bf1 d5
22. cxd5 cxd5 23. Bxe5 fxe5 24. Rxf8+ Qxf8 25. Qc7 Qd8 26. Qxe5 Qf6 27. Qxf6
gxf6 28. a4 Kf7 29. a5 Ke7 30. Kf2 Kd6 31. Kf3 bxa5 32. Rxa5 Rxa5 33. bxa5 Kc5
34. d4+ Kb4 35. a6 bxa6 36. Bxa6 Kc3 37. Kf4 h6 38. Be2 Kd2 39. Bf3 Kd3 40. Bh5
Kd2 41. e4 dxe4 42. Kxe4 Ke1 43. Ke3 Kf1 44. Bf3 Bb3 45. d5 f5 46. d6 Ba4 47.
Kf4 Kf2 48. Bd1 Bd7 49. Bc2 1-0

[Event "Tradewise Gibraltar Chess Festival 2014 "]
[Site "The Caleta Hotel - Gibraltar"]
[Date "2014.02.03"]
[Round "7.28"]
[White "Kohlweyer, Bernd"]
[Black "Libiszewski, Fabien"]
[Result "0-1"]
[WhiteElo "2437"]
[BlackElo "2533"]
[PlyCount "108"]
[EventDate "2014.01.28"]

1. Nf3 g6 2. c4 Bg7 3. d4 Nf6 4. Nc3 O-O 5. e4 d6 6. Be2 c5 7. O-O Re8 8. Rb1
Bg4 9. d5 e6 10. h3 Bxf3 11. Bxf3 exd5 12. exd5 Nbd7 13. Bd2 a6 14. a4 Re7 15.
Re1 Rxe1+ 16. Qxe1 Qf8 17. Qc1 Re8 18. b3 Kh8 19. Qc2 Bh6 20. Be1 Ne5 21. Be2
Nfd7 22. a5 f5 23. Na4 Nf7 24. b4 Qe7 25. Kf1 Bg7 26. bxc5 Nxc5 27. Nxc5 dxc5
28. Bd3 Bd4 29. Kg1 Nd6 30. Qd1 Qg5 31. Qf3 Kg8 32. g3 Re7 33. Kg2 Kg7 34. h4
Qg4 35. Qxg4 fxg4 36. Bd2 Nf7 37. Bf4 Rd7 38. h5 g5 39. h6+ Kf8 40. Bb8 Nxh6
41. d6 Rf7 42. Be4 Rxf2+ 43. Kh1 Nf5 44. Bxf5 Rxf5 45. Rxb7 Rf1+ 46. Kg2 Rf2+
47. Kh1 Rb2 48. d7 Ke7 49. Bd6+ Kd8 50. Ra7 h5 51. Bc7+ Kxd7 52. Bf4+ Ke6 53.
Bxg5 Kf5 54. Bd8 Be5 0-1

[Event "Tradewise Gibraltar Chess Festival 2014 "]
[Site "The Caleta Hotel - Gibraltar"]
[Date "2014.02.03"]
[Round "7.29"]
[White "Khotenashvili, Bela"]
[Black "Solomon, Kenny"]
[Result "1-0"]
[WhiteElo "2527"]
[BlackElo "2351"]
[PlyCount "83"]
[EventDate "2014.01.28"]

1. d4 Nf6 2. c4 e6 3. Nf3 b6 4. a3 Ba6 5. Qc2 Bb7 6. Nc3 c5 7. dxc5 bxc5 8. e3
Be7 9. Be2 O-O 10. O-O Nc6 11. Rd1 Qb6 12. b3 Rab8 13. Na4 Qc7 14. Bb2 h6 15.
Rab1 d6 16. Bc3 Nd8 17. b4 Be4 18. Bd3 Bxf3 19. gxf3 Nc6 20. Be2 e5 21. b5 Nd8
22. Bb2 Qc8 23. Kh1 Qh3 24. Rg1 Ne6 25. Rg3 Qh4 26. Bf1 Ng5 27. Nc3 Rfd8 28. a4
Bf8 29. Qf5 Nh5 30. Nd5 g6 31. Qc2 f5 32. Bg2 Kf7 33. f4 Ne4 34. Bxe4 fxe4 35.
Rxg6 Kxg6 36. Qxe4+ Kf7 37. Qf5+ Kg8 38. Rg1+ Bg7 39. fxe5 Rf8 40. Nf6+ Nxf6
41. exf6 Kf7 42. Rxg7+ 1-0

[Event "Tradewise Gibraltar Chess Festival 2014 "]
[Site "The Caleta Hotel - Gibraltar"]
[Date "2014.02.03"]
[Round "7.30"]
[White "El Debs, Felipe De Cresce"]
[Black "Hoolt, Sarah"]
[Result "1-0"]
[WhiteElo "2520"]
[BlackElo "2331"]
[PlyCount "89"]
[EventDate "2014.01.28"]

1. Nf3 c5 2. c4 Nc6 3. Nc3 e5 4. e3 Nf6 5. a3 d5 6. cxd5 Nxd5 7. Qc2 Nc7 8. Bd3
g6 9. O-O f5 10. Be2 Bg7 11. d3 Qe7 12. Rb1 Bd7 13. Bd2 b5 14. Rfc1 Rb8 15. e4
Ne6 16. Be3 Qd6 17. exf5 gxf5 18. Na2 Ncd4 19. Nxd4 exd4 20. Bh5+ Kd8 21. Bd2
Bc6 22. b4 Be5 23. bxc5 Bxh2+ 24. Kf1 Bxg2+ 25. Kxg2 Rg8+ 26. Kf3 Qd5+ 27. Ke2
Qe5+ 28. Kf3 f4 29. Bg4 h5 30. Ba5+ Kc8 31. Bh3 Qd5+ 32. Ke2 f3+ 33. Kd1 Rg1+
34. Be1 Rb7 35. Qd2 Qe5 36. Kc2 Kb8 37. Qa5 Nc7 38. Bd2 Rxc1+ 39. Rxc1 Qxc5+
40. Kb2 Qe7 41. Nb4 Qh7 42. Nc6+ Ka8 43. Bc8 a6 44. Bxb7+ Kxb7 45. Nb4 1-0

[Event "Tradewise Gibraltar Chess Festival 2014 "]
[Site "The Caleta Hotel - Gibraltar"]
[Date "2014.02.03"]
[Round "7.31"]
[White "Oparin, Grigoriy"]
[Black "Salomon, Johan"]
[Result "1/2-1/2"]
[WhiteElo "2517"]
[BlackElo "2308"]
[PlyCount "110"]
[EventDate "2014.01.28"]

1. b3 e5 2. Bb2 Nc6 3. e3 Nf6 4. Bb5 Bd6 5. Na3 a6 6. Bxc6 dxc6 7. Nc4 Qe7 8.
Nf3 e4 9. Nfe5 Be6 10. f3 Bd5 11. fxe4 Nxe4 12. Nxd6+ cxd6 13. Nf3 Ng5 14. Qe2
Nxf3+ 15. gxf3 Qh4+ 16. Qf2 Qxf2+ 17. Kxf2 f6 18. a4 a5 19. h4 Kf7 20. h5 g5
21. hxg6+ hxg6 22. e4 Be6 23. Bd4 c5 24. Be3 g5 25. c4 b6 26. d4 Rag8 27. d5
Bh3 28. Rh2 Rh4 29. Rah1 Rgh8 30. Kg3 Bd7 31. Rxh4 Rxh4 32. Rxh4 gxh4+ 33. Kxh4
Ke7 34. Bf4 Be8 35. Kg4 Bd7+ 36. Kh4 Be8 37. Bg3 Bd7 38. Bh2 Be8 39. Kg4 Bd7+
40. Kf4 Bh3 41. Bg3 Bd7 42. Bh4 Be8 43. Kf5 Bh5 44. Bxf6+ Kf7 45. Bd8 Bxf3 46.
Bxb6 Bd1 47. Bxa5 Bxb3 48. Bc7 Ke7 49. e5 dxe5 50. Kxe5 Bxc4 51. a5 Kd7 52. Bd6
Kc8 53. Bxc5 Bxd5 54. Kxd5 Kb7 55. a6+ Kxa6 1/2-1/2

[Event "Tradewise Gibraltar Chess Festival 2014 "]
[Site "The Caleta Hotel - Gibraltar"]
[Date "2014.02.03"]
[Round "7.34"]
[White "Mikkelsen, Nikolaj"]
[Black "Hoang, Thanh Trang"]
[Result "1/2-1/2"]
[WhiteElo "2423"]
[BlackElo "2511"]
[PlyCount "93"]
[EventDate "2014.01.28"]

1. e4 e6 2. d4 d5 3. Nd2 Nf6 4. e5 Nfd7 5. c3 c5 6. Bd3 Nc6 7. Ngf3 g6 8. h4 h6
9. Bc2 b6 10. Bd3 a5 11. Nf1 Qc7 12. a3 Ba6 13. Bxa6 Rxa6 14. h5 g5 15. Ne3 b5
16. O-O Bg7 17. Ng4 Ne7 18. Qe2 c4 19. Bd2 f5 20. exf6 Nxf6 21. Nxf6+ Bxf6 22.
Rae1 O-O 23. Ne5 Bxe5 24. Qxe5 Qxe5 25. Rxe5 Rf5 26. f4 g4 27. Kh2 Rxe5 28.
fxe5 Nf5 29. Rf4 g3+ 30. Kh3 Ra7 31. Rg4+ Rg7 32. Bf4 Rxg4 33. Kxg4 Kh7 34. Bc1
Kg7 35. Bd2 Kh8 36. Kf3 Kh7 37. Bc1 Ng7 38. Kg4 Nf5 39. Bf4 a4 40. Bc1 Ne7 41.
Kxg3 Nc6 42. Kh4 Nd8 43. g4 Nf7 44. g5 hxg5+ 45. Bxg5 Kg7 46. Kg4 Kh7 47. Kh4
1/2-1/2

[Event "Tradewise Gibraltar Chess Festival 2014 "]
[Site "The Caleta Hotel - Gibraltar"]
[Date "2014.02.03"]
[Round "7.35"]
[White "Tari, Aryan"]
[Black "Xu, Jun"]
[Result "1/2-1/2"]
[WhiteElo "2408"]
[BlackElo "2510"]
[PlyCount "75"]
[EventDate "2014.01.28"]

1. e4 c5 2. Nf3 d6 3. d4 cxd4 4. Qxd4 a6 5. h3 Nc6 6. Qe3 Nf6 7. Be2 e6 8. c4
Be7 9. O-O O-O 10. Nc3 Qc7 11. a3 b6 12. Na4 Nd7 13. b4 Bf6 14. Ra2 a5 15. b5
Nce5 16. Nxe5 Bxe5 17. f4 Bf6 18. Rd1 Nc5 19. Nxc5 dxc5 20. e5 Be7 21. Rad2 Rd8
22. Bb2 Bb7 23. f5 Rxd2 24. Rxd2 Rd8 25. f6 Bf8 26. Bd3 g6 27. h4 Rd7 28. Bc2
Qd8 29. Rxd7 Qxd7 30. h5 Ba8 31. hxg6 hxg6 32. Qg5 Qb7 33. Bxg6 fxg6 34. Qxg6+
Kh8 35. f7 Qxg2+ 36. Qxg2 Bxg2 37. Kxg2 Kg7 38. Kf3 1/2-1/2